Carte des provinces d'Italie - Statistiques

Statistiques générales
  • Ce quiz a été pris 1 272 fois
  • Le résultat moyen est 45 sur 107
Réponses sur la Carte
Les réponses sont colorées sur une échelle allant du rouge au vert en fonction du pourcentage des utilisateurs qui les ont devinées à leur premier essai. Vous pouvez retrouver ces pourcentages ci-dessous.
 
Statistiques - réponses
Provinces % Correct
Rome Capitale
97%
Milan
94%
Naples
92%
Venise
92%
Turin
91%
Florence
90%
Gênes
86%
Palerme
85%
Bologne
80%
Aoste
77%
Bari
77%
Cagliari
76%
Pise
76%
Trieste
72%
Catane
69%
Vérone
69%
Côme
67%
Parme
66%
Reggio de Calabre
63%
Bergame
62%
Messine
61%
Syracuse
61%
Trente
59%
Padoue
57%
Rimini
55%
Salerne
55%
Udine
55%
Brescia
54%
Lecce
54%
Sienne
54%
Ancône
53%
Livourne
53%
Reggio d'Émilie
53%
La Spezia
51%
Modène
50%
Bolzano
49%
L'Aquila
48%
Lucques
47%
Ravenne
47%
Tarente
47%
Pérouse
45%
Pescara
45%
Alexandrie
43%
Cuneo
41%
Sassari
41%
Savone
41%
Agrigente
40%
Brindisi
40%
Monza et Brianza
40%
Ferrare
39%
Foggia
39%
Plaisance
39%
Imperia
37%
Latina
37%
Asti
36%
Barletta-Andria- Trani
36%
Crémone
35%
Vicence
35%
Catanzaro
34%
Crotone
34%
Mantoue
34%
Potenza
33%
Treviso
33%
Forlì-Cesena
32%
Trapani
32%
Raguse
31%
Varèse
31%
Campobasso
30%
Frosinone
30%
Matera
30%
Pavie
30%
Bénévente
28%
Grosseto
28%
Lecco
28%
Massa-Carrara
28%
Novara
28%
Prato
28%
Arezzo
27%
Cosenza
27%
Caserte
26%
Pesaro et Urbino
25%
Gorizia
24%
Viterbe
24%
Enna
23%
Lodi
23%
Terni
23%
Caltanissetta
22%
Vercelli
22%
Pordenone
21%
Verbano-Cusio- Ossola
21%
Nuoro
20%
Pistoia
20%
Sud Sardegna
20%
Belluno
19%
Biella
19%
Rovigo
19%
Ascoli Piceno
18%
Chieti
18%
Avellino
17%
Sondrio
17%
Oristano
16%
Rieti
16%
Fermo
14%
Isernia
14%
Macerata
12%
Vibo Valentia
12%
Teramo
11%
Aucun quiz correspondant
Distribution des résultats
% des personnes avec chaque résultat
Percentile par nombre de réponses
Votre historique - résultats
Vous n’avez pas pris ce quiz